| Tag |
First Indicator |
Second Indicator |
Subfields |
| LEADER |
00000cas a2200000 a 4500 |
| 001 |
in00000084313 |
| 005 |
20151008061325.0 |
| 008 |
790126d19761989mau x 1 a0eng d |
| 010 |
|
|
|a sn 83008385
|
| 022 |
0 |
|
|a 0739-5833
|
| 035 |
|
|
|a (OCoLC)04588069
|
| 035 |
|
|
|9 AAJ7812AM
|
| 037 |
|
|
|b 45 Beacon St., Boston, Mass. 02108
|
| 040 |
|
|
|a TRL
|c TRL
|d NSD
|d AIP
|d NST
|d OCL
|d TXA
|d UtOrBLW
|
| 042 |
|
|
|a nsdp
|
| 049 |
|
|
|a TXAE
|
| 090 |
|
|
|a QC973.5
|b .R3
|
| 111 |
2 |
|
|a Conference on Radar Meteorology.
|
| 210 |
0 |
|
|a Conf. Radar Meteorol. Am. Meteorol. Soc.
|
| 222 |
|
0 |
|a Conference on Radar Meteorology of the American Meteorological Society
|
| 245 |
1 |
0 |
|a Preprints /
|c Conference on Radar Meteorology of the American Meteorological Society.
|
| 264 |
|
1 |
|a Boston :
|b American Meteorological Society,
|c -[1989]
|
| 264 |
|
4 |
|c ©1989
|
| 300 |
|
|
|a 8 volumes :
|b illustrations ;
|c 28 cm.
|
| 310 |
|
|
|a Irregular
|
| 336 |
|
|
|a text
|b txt
|2 rdacontent
|
| 337 |
|
|
|a unmediated
|b n
|2 rdamedia
|
| 338 |
|
|
|a volume
|b nc
|2 rdacarrier
|
| 362 |
0 |
|
|a 17th (Oct. 26-29, 1976)-24th (Mar. 27-31, 1989).
|
| 500 |
|
|
|a Title from cover.
|
| 550 |
|
|
|a Conference for 1986 held jointly with the AMS Conference on Cloud Physics.
|
| 650 |
|
0 |
|a Radar meteorology
|v Congresses.
|
| 710 |
2 |
|
|a American Meteorological Society.
|
| 711 |
2 |
|
|a Conference on Cloud Physics (1986 : Snowmass, Colo.).
|t Preprints.
|
| 780 |
0 |
0 |
|a Radar Meteorology Conference.
|t Preprints.
|
| 785 |
0 |
0 |
|a International Conference on Radar Meteorology.
|t Preprints
|w (OCoLC)24298502
|
| 949 |
|
|
|a updated
|b h
|c 2001/12/4
|e coplinge
|f 11:31:39 am
|
| 999 |
|
|
|a MARS
|
| 999 |
f |
f |
|s bac38a99-4524-310f-b9e7-7123858269fb
|i 54c2c9dd-2847-302a-8410-cbb6c5e05900
|t 0
|
| 952 |
f |
f |
|a Texas A&M University
|b Rellis Campus
|c Joint Library Facility
|d Remote Storage
|e QC973.5 .R3
|h Library of Congress classification
|i unmediated -- volume
|k 23rd:v.3
|l 1986
|m A14809843185
|p ric
|s JLF
|t 0
|
| 952 |
f |
f |
|a Texas A&M University
|b Rellis Campus
|c Joint Library Facility
|d Remote Storage
|e QC973.5 .R3
|h Library of Congress classification
|i unmediated -- volume
|k 23rd:v.2
|l 1986
|m A14809843177
|p ric
|s JLF
|t 0
|
| 952 |
f |
f |
|a Texas A&M University
|b Rellis Campus
|c Joint Library Facility
|d Remote Storage
|e QC973.5 .R3
|h Library of Congress classification
|i unmediated -- volume
|k 17th
|l 1976
|m A14809487311
|p ric
|s JLF
|t 0
|
| 952 |
f |
f |
|a Texas A&M University
|b Rellis Campus
|c Joint Library Facility
|d Remote Storage
|e QC973.5 .R3
|h Library of Congress classification
|i unmediated -- volume
|k 22nd
|l 1984
|m A14808419690
|p ric
|s JLF
|t 0
|
| 952 |
f |
f |
|a Texas A&M University
|b Rellis Campus
|c Joint Library Facility
|d Remote Storage
|e QC973.5 .R3
|h Library of Congress classification
|i unmediated -- volume
|k 18th
|l 1978
|m A14817406230
|p ric
|s JLF
|t 0
|
| 952 |
f |
f |
|a Texas A&M University
|b Rellis Campus
|c Joint Library Facility
|d Remote Storage
|e QC973.5 .R3
|h Library of Congress classification
|i unmediated -- volume
|k 21st
|l 1983
|m A14809073502
|p ric
|s JLF
|t 0
|
| 952 |
f |
f |
|a Texas A&M University
|b Rellis Campus
|c Joint Library Facility
|d Remote Storage
|e QC973.5 .R3
|h Library of Congress classification
|i unmediated -- volume
|k 19th
|l 1980
|m A14809073489
|p ric
|s JLF
|t 0
|
| 952 |
f |
f |
|a Texas A&M University
|b Rellis Campus
|c Joint Library Facility
|d Remote Storage
|e QC973.5 .R3
|h Library of Congress classification
|i unmediated -- volume
|k 23rd:v.1
|l 1986
|m A14809843169
|p ric
|s JLF
|t 0
|
| 952 |
f |
f |
|a Texas A&M University
|b Rellis Campus
|c Joint Library Facility
|d Remote Storage
|e QC973.5 .R3
|h Library of Congress classification
|i unmediated -- volume
|k 20th
|l 1981
|m A14809073497
|p ric
|s JLF
|t 0
|
| 952 |
f |
f |
|a Texas A&M University
|b Rellis Campus
|c Joint Library Facility
|d Remote Storage
|e QC973.5 .R3
|h Library of Congress classification
|i unmediated -- volume
|k 24th
|l 1989
|m A14811285385
|p ric
|s JLF
|t 0
|
| 952 |
f |
f |
|a Texas A&M University
|b College Station
|c Sterling C. Evans Library
|d Evans: Library Stacks
|e QC973.5 .R3
|h Library of Congress classification
|i unmediated -- volume
|k 21st
|l 1983
|m A14807586127
|p normal
|s Evans stk
|t 0
|
| 998 |
f |
f |
|a QC973.5 .R3
|s 21st (1983)
|t 0
|l Evans: Library Stacks
|
| 998 |
f |
f |
|a QC973.5 .R3
|s 17th-24th (1976-1989)
|t 0
|l Remote Storage
|